Lizards / (Record no. 5717)

MARC details
000 -LEADER
fixed length control field 01746cam a22004697a 4500
001 - CONTROL NUMBER
control field 5717
003 - CONTROL NUMBER IDENTIFIER
control field FISKH
005 - DATE AND TIME OF LATEST TRANSACTION
control field 20250116095041.0
008 - FIXED-LENGTH DATA ELEMENTS--GENERAL INFORMATION
fixed length control field 120618s2012 dcua j 000 0 eng d
010 ## - LIBRARY OF CONGRESS CONTROL NUMBER
LC control number 2011277488
015 ## - NATIONAL BIBLIOGRAPHY NUMBER
National bibliography number GBB218215
Source bnb
016 7# - NATIONAL BIBLIOGRAPHIC AGENCY CONTROL NUMBER
Record control number 016035614
Source Uk
020 ## - INTERNATIONAL STANDARD BOOK NUMBER
International Standard Book Number 9781426309236 (lib. bdg.)
020 ## - INTERNATIONAL STANDARD BOOK NUMBER
International Standard Book Number 1426309236 (lib. bdg.)
020 ## - INTERNATIONAL STANDARD BOOK NUMBER
International Standard Book Number 9781426309229 (pbk.)
020 ## - INTERNATIONAL STANDARD BOOK NUMBER
International Standard Book Number 1426309228 (pbk.)
020 ## - INTERNATIONAL STANDARD BOOK NUMBER
International Standard Book Number 9780545656917
035 ## - SYSTEM CONTROL NUMBER
System control number (OCoLC)ocn778327207
040 ## - CATALOGING SOURCE
Original cataloging agency UKMGB
Transcribing agency UKMGB
Modifying agency BDX
Language of cataloging eng
050 ## - LIBRARY OF CONGRESS CALL NUMBER
Classification number QL666.L2
082 ## - DEWEY DECIMAL CLASSIFICATION NUMBER
Classification number 597.95
100 1# - MAIN ENTRY--PERSONAL NAME
Personal name Marsh, Laura F.
245 10 - TITLE STATEMENT
Title Lizards /
Statement of responsibility, etc. Laura Marsh.
250 ## - EDITION STATEMENT
Edition statement First Scholastic printing, March 2014
260 ## - PUBLICATION, DISTRIBUTION, ETC.
Place of publication, distribution, etc. Washington :
Name of publisher, distributor, etc. National Geographic Society,
Date of publication, distribution, etc. 2012.
300 ## - PHYSICAL DESCRIPTION
Extent 32 pages :
Other physical details color illustrations ;
Dimensions 23 cm
490 1# - SERIES STATEMENT
Series statement National Geographic readers.
Volume/sequential designation Level 2
490 1# - SERIES STATEMENT
Series statement National Geographic kids
Volume/sequential designation level 2
500 ## - GENERAL NOTE
General note What am I? -- Reptiles -- Scaly skin -- Super lizards -- Mealtime -- Babies -- Legless lizards -- Hide and seek -- Look at me! -- Great escapes -- Biggest and smallest -- Lots of lizards -- What in the world?
505 0# - FORMATTED CONTENTS NOTE
Formatted contents note J<br/>
520 ## - SUMMARY, ETC.
Summary, etc. Introduces readers to lizards, looking at what they have in common, as well as some of the special traits and abilities that individual species have--
Assigning source Source other thaqn Library of Congress.
521 8# - TARGET AUDIENCE NOTE
Target audience note QL666.L2<br/>
521 8# - TARGET AUDIENCE NOTE
Target audience note 597.95
650 #0 - SUBJECT ADDED ENTRY--TOPICAL TERM
Topical term or geographic name entry element Lizards
Form subdivision Juvenile literature.
650 #0 - SUBJECT ADDED ENTRY--TOPICAL TERM
Topical term or geographic name entry element Readers (Elementary)
650 #1 - SUBJECT ADDED ENTRY--TOPICAL TERM
Topical term or geographic name entry element Lizards.
830 #0 - SERIES ADDED ENTRY--UNIFORM TITLE
Uniform title National geographic kids;
Number of part/section of a work level 2
830 #0 - SERIES ADDED ENTRY--UNIFORM TITLE
Uniform title National Geographic readers.
Number of part/section of a work Level 2
906 ## - LOCAL DATA ELEMENT F, LDF (RLIN)
a 7
b cbc
c copycat
d 3
e ncip
f 20
g y-gencatlg
942 ## - ADDED ENTRY ELEMENTS (KOHA)
Source of classification or shelving scheme Dewey Decimal Classification
Koha item type Books
Suppress in OPAC No
Holdings
Withdrawn status Lost status Source of classification or shelving scheme Damaged status Not for loan Collection Home library Current library Shelving location Date acquired Total Checkouts Full call number Barcode Date last seen Price effective from Koha item type
    Dewey Decimal Classification     Non-Fiction Footprints International School Library Network Toul Kork Campus Footprints International School Library Network Toul Kork Campus TK Primary Library Room(4th Floor), Bookcase 1&2, Shelves 1-16, Dark Blue Books 01/16/2025   MAR 597.95 QL666.L2 2025-0037 01/16/2025 01/16/2025 Books